CSTO Countries Quiz - Statistics

General Stats
  • This quiz has been taken 58 times
    56 since last reset
  • The average score is 6 of 7
Answer Stats
Country % Correct
Russia
100%
Belarus
96%
Kyrgyzstan
92%
Armenia
90%
Kazakhstan
90%
Tajikistan
80%
Serbia
45%
No matching quizzes found
Score Distribution
Percent of People with Each Score
Percentile by Number Answered
Your Score History
You have not taken this quiz since the last reset